=LDR 00000nam 2200000 4500 =001 INLIS000000000045766 =005 20150210073723.0 =006 =007 =008 =020 ##$$a 979-731-130-9 =035 ##$$0010-021500000000326 =040 ##$$a NBPDMAT =082 ##$$a 658.404 =090 ##$$a 658.404 $b Wul t =100 ##$$a Wulfram I. Ervianto =245 ##$$a Teori Aplikasi Manajemen Proyek Konstruksi / $c Oleh Wulfram I. Ervianto =260 ##$$a Yogyakarta $b Andi $c 2004 =300 ##$$a x,272 hlm $b Ilus $c 22 cm =990 ##$$a 21421010 =990 ##$$a 21421007 =990 ##$$a 21421008 =990 ##$$a 21421009 =990 ##$$a 21421011